000 01032cam a2200325 a 4500
008
020 _a0814792162 (hbk)
049 _aMAIN
090 _aQP105
_bWEL
100 1 _aWelkowitz, Walter.
245 1 0 _aEngineering hemodynamics :
_bapplication to cardiac assist devices /
_cWalter Welkowitz.
250 _a2nd ed.
260 _aNew York :
_bNew York University Press,
_cc1987.
300 _axxviii, 175 p. :
_bill. ;
_c24 cm.
440 0 _aNew York University biomedical engineering series
504 _aIncludes bibliographical references.
500 _aIncludes index.
650 0 _aHemodynamics
_xMathematical models.
650 0 _aBiomedical engineering.
650 0 _aCardiac pacemakers.
653 _aMan
_aHeart
_aDynamics
650 2 _aAssisted Circulation.
650 2 _aHeart-Lung Machine.
650 2 _aHemodynamics.
907 _a.b10058345
_b09-10-12
_c17-04-03
003
005 20230123134319.0
040 _cNUST
942 _cBOOKS
_kQP105
_mWEL
999 _c163728
_d163728